000 00637nam a2200241Ia 4500
003 OSt
005 20221005060428.0
006 a|||||r|||| 00| 0
007 ta
008 221004b |||||||| |||| 00| 0 eng d
024 _a69560
037 _cTextual
040 _aCRL
_cCRL
_beng
041 _2eng
_aeng
082 _aY:412.N9, N3
100 _aGoodman Jordan
_9599631
245 0 _aTobacco in history
_b The cultures of dependence
260 _aLondon
_bRoutledge
_c1993
300 _a280p.
_ccm.
650 _aSOCIOLOGY
942 _hY:412.N9, N3
_cTEXL
_2cc
999 _c966673
_d966673